zpět

Detail výsledku týmu

Stánek Pod ořechem, Majdalena

Datum a čas kvízu

24 Celkem bodů Celkový počet nahraných bodů na tomto kvízu bez doplňovacích otázek.
3. Pořadí na kvízu Konečné umístění týmu na tomto kvízu.

Zaznamenané odpovědi

# Otázka Odpověď Body Výsledky
1. Finálový večer 26. ročníku sou... Jiří Veselý 0
2. 50letý německý sportovec a eko... B) na paddleboardu 1
3. TV Prima odtajnila soutěžící d... Daniela Brzobohatá (Písařovicová); Čestmír Strakatý 1
4. Jedna korejská automobilka zah... Kia; Jaromír Jágr 0
5. Minulý týden pobavila sociální... D) moucha (lezoucí po míčku) 0
6. Brukvovitá zelenina obsahuje s... brokolice 1
7. Rostlinu, jejíž kořen je bohat... pampeliška 1
8. Nyní se ptáme na název koření,... pepř 0
9. Uveďte rodové jméno vytrvalé r... meduňka 1
10. Hřebíček je oblíbené koření vy... C) poupě 1